[Event "Open"]
[Site "Metz FRA"]
[Date "2005.04.21"]
[Round "6"]
[White "Lesot,J"]
[Black "Bolzoni,V"]
[Result "1/2-1/2"]
[WhiteElo "1991"]
[BlackElo "2219"]

1.e4 c5 2.Nf3 e6 3.d4 cxd4 4.Nxd4 Nc6 5.Nc3 Nf6 6.Nxc6 bxc6 7.e5 Nd5 8.Nxd5 cxd5
9.Bd3 d6 10.Qe2 dxe5 11.Qxe5 Ba6 12.Qd4 Bxd3 13.Qxd3 Bd6 14.Qb5+ Qd7 15.Qxd7+ Kxd7
16.Bd2 Rhc8 17.O-O-O Rab8 18.Be3 a5 19.Rd3 Rc4 20.Rd4 Be5 21.Rxc4 Bxb2+ 22.Kd2 dxc4
23.Rd1 Be5 24.c3 Rb5 25.Kc2+ Rd5 26.Rh1 f5 27.g3 Kc6 28.Bd2 Bd6 29.Re1 Re5
30.Rxe5 Bxe5 31.a4 Bd6 32.Kd1 Kd5 33.Ke2 Be5 34.h4 h5 35.f4 Bf6 36.Kf3 e5
37.fxe5 Bxe5 38.Be1 Ke6 39.Bd2 g6 40.Be1 Bf6 41.Bd2 Bg7 42.Be1 Bh6 43.Bf2 Bg7
44.Be1 Be5 45.Bd2 Kd5 46.Be1 Ke6 47.Bd2 f4 48.Bxf4 Bxc3 49.Ke4 Be1 50.Kd4 c3
51.Kd3 Kf5 52.Bc7 Kg4 53.Bxa5 Bxg3 54.Bd8 Be1 55.Kc2 Kf5 56.a5 Ke6 57.a6 Bf2
58.Kxc3 Ba7 59.Kc4 Kd6 60.Bf6 Kc6 61.Bd4 Bb8 62.a7 Bxa7 63.Bxa7  1/2-1/2

[Event "Torch Real Estate Cup"]
[Site "Jinan CHN"]
[Date "2005.04.22"]
[Round "3"]
[White "Li Shilong"]
[Black "Liang Jinrong"]
[Result "1/2-1/2"]
[WhiteElo "2515"]
[BlackElo "2467"]

1.e4 c5 2.Nf3 Nc6 3.d4 cxd4 4.Nxd4 e6 5.Nc3 Qc7 6.Be3 Nf6 7.Qd2 Bb4 8.f3 Nxd4
9.Qxd4 Bxc3+ 10.Qxc3 Qxc3+ 11.bxc3 d5 12.e5 Nd7 13.Bd4 Nb6 14.a4 Bd7 15.a5 Nc4
16.h4 O-O 17.h5 h6 18.Kf2 b6 19.axb6 axb6 20.Bxc4 dxc4 21.Bxb6 Bc6 22.Bd4 Rxa1
23.Rxa1 Ra8 24.Rb1 Bd5 25.Ke3 Kh7 26.g4 Ra2 27.Rc1 Ra3 28.f4 g6 29.Rf1 Ra2
30.hxg6+ Kxg6 31.Rf2 Ra1 32.Rh2 Rh1  1/2-1/2

[Event "Torch Real Estate Cup"]
[Site "Jinan CHN"]
[Date "2005.04.23"]
[Round "4"]
[White "Wang Lei"]
[Black "Tong Yuanming"]
[Result "0-1"]
[WhiteElo "2484"]
[BlackElo "2510"]

1.e4 c5 2.Nf3 e6 3.d4 cxd4 4.Nxd4 Nc6 5.Nc3 Qc7 6.Be3 a6 7.Qd2 Nf6 8.f3 d6
9.g4 Nd7 10.O-O-O Na5 11.Qf2 b5 12.f4 b4 13.Nce2 Nc4 14.Bg2 Bb7 15.g5 Rc8
16.Kb1 e5 17.fxe5 dxe5 18.Nb3 Be7 19.Rc1 a5 20.Nd2 Nxe3 21.Qxe3 O-O 22.c3 Qc5
23.Qg3 a4 24.c4 Nb6 25.h4 Rfd8 26.Rc2 Qa5 27.b3 axb3 28.Nxb3 Qa6 29.c5 Nc4
30.Ka1 Na3 31.Rb2 Bxc5 32.Nxc5 Rxc5 33.Qb3 Rd3 34.Rd1 Nc2+ 35.Qxc2  0-1

[Event "Torch Real Estate Cup"]
[Site "Jinan CHN"]
[Date "2005.04.23"]
[Round "4"]
[White "Zhao Jun"]
[Black "Wen Yang"]
[Result "*"]
[WhiteElo "2521"]
[BlackElo "2327"]

1.e4 c5 2.Nf3 Nc6 3.Nc3 e6 4.d4 cxd4 5.Nxd4 Qc7 6.Be2 a6 7.O-O Nf6 8.Be3 Be7
9.f4 d6 10.Kh1 O-O 11.Qe1 Bd7 12.Qg3 b5 13.a3 Ne8 14.Bd3 Bf6 15.Nf3 b4 16.e5 bxc3
17.exf6 Nxf6 18.bxc3 d5 19.Qh4 Ne7 20.Bd4 Ng6 21.Bxg6 fxg6 22.Ne5 Ba4 23.Rac1 Rae8
24.Rf3 Nh5 25.Qf2 Nf6 26.Qh4 Nh5 27.Qf2 Nf6 28.Qh4 Nh5  *

[Event "3rd V Nabokov Mem"]
[Site "Kiev UKR"]
[Date "2005.04.23"]
[Round "5"]
[White "Madan,A"]
[Black "Kernazhitsky,L"]
[Result "1/2-1/2"]
[WhiteElo "2310"]
[BlackElo "2345"]

1.e4 c5 2.Nc3 e6 3.Nf3 Nc6 4.d4 cxd4 5.Nxd4 Nf6 6.a3 Qc7 7.Be3 a6 8.Be2 b5
9.O-O Bb7 10.Nxc6 Bxc6 11.Qd4 Bd6 12.g3 Be5 13.Qd3 O-O 14.Bd4 d5 15.Bxe5 Qxe5
16.f4 dxe4 17.fxe5 exd3 18.cxd3 Nd7 19.d4 Nb6 20.Rf4 Rac8 21.Kf2 Nd5 22.Nxd5 Bxd5
23.Bd3 f5 24.Ke3 Bc4 25.Bc2 Rc7 26.Rf2 a5 27.h4 g6 28.Bd1 h5 29.Rc1 a4 30.Bf3 Rcf7
31.Bg2 Kg7 32.Bf1 Bxf1 33.Rfxf1 b4 34.axb4 Rb8 35.Rc4 Rfb7 36.Rfc1 Rxb4 37.Rxb4 Rxb4
38.Rc7+ Kh6 39.Ra7 Rb3+ 40.Kf4 Rb4 41.Ke3 Rb3+ 42.Kf4 Rb4  1/2-1/2

[Event "Torch Real Estate Cup"]
[Site "Jinan CHN"]
[Date "2005.04.24"]
[Round "5"]
[White "Wen Yang"]
[Black "Liang Jinrong"]
[Result "1/2-1/2"]
[WhiteElo "2327"]
[BlackElo "2467"]

1.e4 c5 2.Nf3 Nc6 3.d4 cxd4 4.Nxd4 e6 5.Nc3 Qc7 6.Be3 Nf6 7.Qd2 Bb4 8.f3 Nxd4
9.Qxd4 Bxc3+ 10.bxc3 e5 11.Qc5 Qxc5 12.Bxc5 d5 13.exd5 Nxd5 14.c4 Nf4 15.g3 Ne6
16.Bd6 f6 17.f4 exf4 18.gxf4 Bd7 19.O-O-O O-O-O 20.c5 Rhe8 21.Rg1 g6 22.Rg3 Nc7
23.Rb3 Be6 24.Rb4 Bd7 25.Kb2 Bc6 26.Rb3 Re4 27.Bd3 Ree8 28.h4 Nd5 29.Rg1 Ne3
30.a4 Nf5 31.Bxf5+ gxf5 32.a5 Rg8 33.Rbg3 Bd5 34.Rg7 Rxg7 35.Rxg7 Rd7 36.Be7 h5
37.Rh7 Bg8 38.Rg7 Bd5 39.Kc3 Kc7 40.Bd6+ Kc6 41.Rg6 Rf7 42.Kb4 Kd7 43.c4 Be4
44.Rh6 Bf3 45.a6 bxa6 46.Ka5 Be2 47.Rh8 Kc6 48.Rc8+ Kb7 49.Rb8+ Kc6  1/2-1/2

[Event "Torch Real Estate Cup"]
[Site "Jinan CHN"]
[Date "2005.04.24"]
[Round "5"]
[White "Qiao Liang"]
[Black "Zhang Pengxiang"]
[Result "1/2-1/2"]
[WhiteElo "2350"]
[BlackElo "2583"]

1.e4 c5 2.Nf3 Nc6 3.d4 cxd4 4.Nxd4 e6 5.Nc3 Qc7 6.Be2 Nf6 7.O-O a6 8.Kh1 Bb4
9.Bg5 Qe5 10.Nxc6 dxc6 11.f4 Qa5 12.Qd4 e5 13.fxe5 Bc5 14.Qd2 Ng4 15.Qf4 Nf2+
16.Rxf2 Bxf2 17.Qxf2 Be6 18.Qg3 h6 19.Be3 g5 20.Qf2 Rg8 21.Bc5 O-O-O 22.Bb6 Qb4
23.Bxd8 Rxd8 24.Bd3 Qxb2 25.Qe1 Qa3 26.Ne2 c5 27.Nc3 c4 28.Be2 Qc5 29.Nd5 Bxd5
30.exd5 Rxd5 31.Qf1 Rxe5 32.Bxc4 f5 33.Rd1 f4 34.Qd3 Qe7 35.Qc3 Re3 36.Be6+ Kb8
37.Qh8+ Kc7 38.Qc8+ Kb6 39.Rb1+ Ka5 40.Qd7 Rxe6 41.Qd2+ Ka4 42.Qd4+ Ka5 43.Qc3+ Ka4
44.Qc4+ Ka5 45.Qc3+ Ka4 46.Qb3+ Ka5 47.Qc3+ Ka4 48.Qc4+ Ka5 49.Qc3+  1/2-1/2

[Event "Open"]
[Site "Metz FRA"]
[Date "2005.04.24"]
[Round "9"]
[White "Djuric,S"]
[Black "Bolzoni,V"]
[Result "1-0"]
[WhiteElo "2459"]
[BlackElo "2219"]

1.e4 c5 2.Nf3 e6 3.Nc3 Nc6 4.d4 cxd4 5.Nxd4 Nf6 6.a3 d6 7.f4 Bd7 8.Nf3 Qc7
9.Bd3 Be7 10.O-O O-O 11.Kh1 Kh8 12.Qe1 e5 13.Nd5 Qd8 14.Bd2 Bg4 15.Nxe7 Qxe7
16.fxe5 dxe5 17.Bg5 Qe6 18.Nh4 Ng8 19.Nf5 f6 20.Be3 g5 21.Ng3 Qe8 22.Bc5 Rf7
23.Be2 Bxe2 24.Qxe2 Rd8 25.c3 Rfd7 26.Be3 Rd3 27.Nf5 Qe6 28.h4 Qc4 29.hxg5 Qxe4
30.Qh5 Nce7 31.gxf6 Nxf5 32.Rxf5 Rxe3 33.f7 Rg3 34.Rg1 Rf8 35.fxg8=Q+ Rfxg8
36.Rxe5 Rxg2 37.Rxe4 Rxg1+ 38.Kh2 R8g2+ 39.Kh3 Rh1+ 40.Kxg2 Rxh5 41.Re8+ Kg7
42.Re7+ Kf6 43.Rxb7 a5 44.Rb6+ Ke7 45.a4 Rh4 46.b3 h5 47.Rb5 Rg4+ 48.Kf3 Rh4
49.Ke3 Rh3+ 50.Kd4 Rh4+ 51.Kc5 Rg4 52.Kb6 h4 53.Rxa5 Rg6+ 54.Kc7 Rg3 55.c4 Rxb3
56.Rh5 h3 57.c5 Kf6 58.c6 Kg6 59.Rh8 Kg5 60.a5 Kg4 61.a6 Ra3 62.Kb6 Kg3 63.a7 Rb3+
64.Kc5 Rc3+ 65.Kb5 Rb3+ 66.Ka4 Rb6 67.c7  1-0

[Event "7th Rector Cup"]
[Site "Kharkiv UKR"]
[Date "2005.04.26"]
[Round "7"]
[White "Averjanov,A"]
[Black "Zakhartsov,V"]
[Result "1/2-1/2"]
[WhiteElo "2381"]
[BlackElo "2518"]

1.e4 c5 2.Nf3 e6 3.d4 cxd4 4.Nxd4 Nc6 5.Nc3 Qc7 6.f4 a6 7.Nxc6 Qxc6 8.Bd3 b5
9.Qe2 Bb7 10.Bd2 Bc5 11.O-O-O Ne7 12.Qh5 g6 13.Qg5 O-O-O 14.Rhe1 f5 15.Be3 Rhf8
16.exf5 gxf5 17.Bxc5 Qxc5 18.Re5 Nd5 19.Nxd5 Bxd5 20.g3 d6 21.Ree1 Bxa2 22.Qh5 Rd7
23.Rd2 Rff7 24.Qg5 Qc7 25.Bf1 Bd5 26.Bg2 Bxg2 27.Rxg2 e5 28.Rd2 e4 29.Rd5 Qc4
30.Rxf5 Rc7 31.c3 Rfe7 32.Rf8+ Kb7 33.Qg8  1/2-1/2

[Event "ch-UKR u20"]
[Site "Lviv UKR"]
[Date "2005.04.26"]
[Round "8"]
[White "Yarmysty,M"]
[Black "Truskavetsky,A"]
[Result "1-0"]
[WhiteElo "2334"]
[BlackElo "2374"]

1.e4 c5 2.Nf3 e6 3.d4 cxd4 4.Nxd4 Nc6 5.Nc3 Qc7 6.g3 a6 7.Bg2 Nf6 8.O-O h5
9.h3 Bc5 10.Nxc6 dxc6 11.e5 Qxe5 12.Bf4 Qd4 13.Qe2 Be7 14.Be5 Qb6 15.Rad1 O-O
16.b4 Qxb4 17.g4 Nd7 18.Bd4 e5 19.a3 Qa5 20.Nb1 exd4 21.Qxe7 hxg4 22.Rxd4 gxh3
23.Bxh3 Ne5 24.Bg2 Bg4 25.Nd2 Be6 26.Qxb7 Qxa3 27.Re4 Qd6 28.Qb2 Ng4 29.Nf3 a5
30.Qc3 a4 31.Rd4 Qc7 32.Re1 a3 33.Bh3 Nxf2 34.Kxf2 Bxh3 35.Rg1 f6 36.Rh4 Qb6+
37.Nd4 Be6 38.Rxg7+ Kxg7 39.Qg3+ Kf7 40.Rh7+ Ke8 41.Qe3 Ra7 42.Qxe6+ Kd8
43.Qd6+ Ke8 44.Qe6+ Kd8 45.Qd6+ Ke8 46.Rh3 Re7 47.Rxa3 Qb7 48.Nxc6 Re4 49.Qd8+ Kf7
50.Qd5+ Re6 51.Ne5+  1-0

[Event "62nd ch-POL"]
[Site "Poznan POL"]
[Date "2005.04.26"]
[Round "6"]
[White "Macieja,B"]
[Black "Jaracz,P"]
[Result "1-0"]
[WhiteElo "2613"]
[BlackElo "2530"]

1.e4 c5 2.Nc3 Nc6 3.Nf3 e6 4.d4 cxd4 5.Nxd4 Qc7 6.Be2 a6 7.O-O Nf6 8.Be3 Be7
9.f4 d6 10.Qe1 O-O 11.Qg3 Nxd4 12.Bxd4 b5 13.a3 Bb7 14.Rae1 Rae8 15.Kh1 Bc6
16.b4 Bd8 17.e5 dxe5 18.fxe5 Ne4 19.Nxe4 Bxe4 20.c3 Qb7 21.Rf4 Bd5 22.Bd3 g6
23.h4 Bb6 24.h5 Bxd4 25.cxd4 Bc4 26.Bb1 Kh8 27.Rf6 Rg8 28.Qf4 Re7 29.Re3 gxh5
30.Rg3 Rxg3 31.Qxg3 Qb8 32.Qh4 Qg8 33.Rh6 f5 34.Qxe7  1-0

[Event "ch-UKR u20"]
[Site "Lviv UKR"]
[Date "2005.04.27"]
[Round "9"]
[White "Zinchenko,Ya"]
[Black "Oleksienko,M"]
[Result "1/2-1/2"]
[WhiteElo "2460"]
[BlackElo "2492"]

1.e4 c5 2.Nf3 Nc6 3.d4 cxd4 4.Nxd4 e6 5.Nc3 Qc7 6.Be2 a6 7.O-O b5 8.Nxc6 dxc6
9.Be3 Nf6 10.f4 b4 11.Na4 c5 12.Bf3 Bb7 13.c3 Rd8 14.Qc2 bxc3 15.Nxc3 Be7
16.Na4 O-O 17.Rac1 Rc8 18.Nxc5 Bxc5 19.Bxc5 Rfd8 20.g3 Qa5 21.b4 Qa3 22.Bg2 Qd3
23.Qxd3 Rxd3 24.Be7 Re8 25.Bxf6 gxf6 26.Rfd1 Rxd1+ 27.Rxd1 Rc8  1/2-1/2

[Event "Heroes Day Candidates"]
[Site "Bridgetown BAR"]
[Date "2005.04.28"]
[Round "2"]
[White "Singh,Rav"]
[Black "Del Castilho,M"]
[Result "1/2-1/2"]
[WhiteElo "2074"]
[BlackElo "2017"]

1.e4 c5 2.Nf3 e6 3.d4 cxd4 4.Nxd4 Nc6 5.Nc3 a6 6.Be3 Qc7 7.Qd2 d6 8.f3 Nf6
9.O-O-O Be7 10.Kb1 Nxd4 11.Bxd4 b5 12.g4 Bb7 13.g5 Nd7 14.Bxg7 Rg8 15.Bf6 Nxf6
16.gxf6 Bxf6 17.Qxd6 Qxd6 18.Rxd6 Ke7 19.Rd3 Rac8 20.Nd1 Rc5 21.Ne3 b4 22.Rd1 Rgc8
23.Bd3 a5 24.f4 a4 25.Rhe1 a3 26.e5 Bg7 27.Rg1 Bh6 28.Rdf1 axb2 29.Rg4 Bd5
30.Rh4 Bf8 31.Rxh7 Ke8 32.Rh8 Ra8 33.Nxd5 exd5 34.Kxb2 Rca5 35.f5 Rxa2+ 36.Kc1 b3
37.cxb3 Rg2 38.f6 Kd7 39.Kb1 Kc6 40.Rh4 Raa2 41.Rc1+ Kb6 42.Rc2 Raxc2 43.Bxc2 Bc5
44.b4 Bg1 45.h3 Bh2 46.Bb3 Bxe5 47.Bxd5 Bxf6 48.Rf4 Rg6 49.Bxf7 Rh6 50.Rf3 Kb5
51.Rb3 Be7 52.Be8+ Kc4 53.Bf7+  1/2-1/2

[Event "7th Rector Cup"]
[Site "Kharkiv UKR"]
[Date "2005.04.28"]
[Round "9"]
[White "Zubov,A UKR"]
[Black "Zakhartsov,V"]
[Result "1/2-1/2"]
[WhiteElo "2490"]
[BlackElo "2518"]

1.e4 c5 2.Nf3 e6 3.d4 cxd4 4.Nxd4 Nc6 5.Nc3 Qc7 6.Be3 a6 7.Qd2 Nf6 8.f3 Ne5
9.O-O-O b5 10.Kb1 Bb7 11.Nb3 Be7 12.Qf2 Rc8 13.Bb6 Qb8 14.Nc5 d6 15.Nxb7 Qxb7
16.Bd4 Nc4 17.g4 O-O 18.g5 Nd7 19.h4 b4 20.Na4 Na3+ 21.bxa3 bxa3+ 22.Ka1 e5
23.Bh3 exd4 24.Rb1 Qc6 25.Bxd7 Qxd7 26.Nb6 Qc6 27.Qxd4 Rb8 28.Nd5 Rxb1+ 29.Rxb1 Bd8
30.c3 Qd7 31.f4 Qh3 32.Qb4 Qf3 33.Qxa3 Qxe4 34.Qxd6 Qe6 35.Qc5 f6 36.Qd4 fxg5
37.hxg5 Qf7 38.Qd3 Qf5 39.Qd4 Re8 40.Qc5 Qd7 41.Qd4 Kh8 42.Qd3 Ba5 43.c4 Qe6
44.Rh1 Qe4 45.Qxe4 Rxe4 46.g6 Rxc4 47.Rxh7+ Kg8 48.Kb2 Bd8 49.Rh5 Rc6 50.Re5 Kf8
51.Rf5+ Kg8 52.Re5 Kf8 53.f5 Rc5 54.Kb3 a5 55.Ka4 Bg5 56.a3 Bd8 57.f6 gxf6
58.Nxf6 Rxe5 59.Nd7+ Kg7 60.Nxe5 Bc7 61.Nc6 Bd6  1/2-1/2

[Event "TCh-RUS w"]
[Site "Sochi RUS"]
[Date "2005.04.29"]
[Round "11"]
[White "Galliamova,A"]
[Black "Vasilevich,I"]
[Result "1/2-1/2"]
[WhiteElo "2469"]
[BlackElo "2347"]

1.e4 c5 2.Nf3 e6 3.d4 cxd4 4.Nxd4 Nc6 5.Nc3 Qc7 6.f4 a6 7.Nxc6 bxc6 8.Bd3 d5
9.O-O Nf6 10.e5 Nd7 11.Na4 Nc5 12.Nxc5 Bxc5+ 13.Kh1 a5 14.c4 dxc4 15.Bxc4 O-O
16.Qc2 Qb6 17.Bd2 Rd8 18.Bc3 Bd4 19.Bxd4 Rxd4 20.b3 g6 21.Rac1 a4 22.Rf3 Ba6
23.Bxa6 Qxa6 24.h3 axb3 25.axb3 Qb6 26.Kh2 Ra6 27.Qf2 Qb4 28.Qh4 Qd2 29.Rcf1 Ra2
30.R3f2 Qa5 31.Qe7 Rxf2 32.Rxf2 Qd8 33.Qxd8+ Rxd8 34.Rc2 Rd3 35.b4 Rd4 36.Kg3 Rxb4
37.Rxc6 Rb3+ 38.Kg4 Rb2 39.g3 Rb3 40.Kh4 Kg7  1/2-1/2

[Event "7th Rector Cup"]
[Site "Kharkiv UKR"]
[Date "2005.04.30"]
[Round "11"]
[White "Aveskulov,V"]
[Black "Zakhartsov,V"]
[Result "0-1"]
[WhiteElo "2424"]
[BlackElo "2518"]

1.e4 c5 2.Nf3 e6 3.d4 cxd4 4.Nxd4 Nc6 5.Nc3 Qc7 6.Be2 a6 7.O-O Nf6 8.Be3 Bb4
9.Na4 O-O 10.Nxc6 bxc6 11.c4 Bd6 12.f4 Nxe4 13.Bd3 Nf6 14.Bb6 Qb8 15.Bd4 Be7
16.Nb6 c5 17.Bxf6 Bxf6 18.Nxa8 Qxa8 19.Qc2 Bd4+ 20.Kh1 f5 21.Be2 Bb7 22.Bf3 Be4
23.Qe2 Rb8 24.Rab1 d5 25.b3 a5 26.Rfd1 Rb6 27.Rbc1 h6 28.cxd5 exd5 29.Bxe4 fxe4
30.Qg4 Qb7 31.h3 Rf6 32.Rf1 Kh7 33.Rc2 Qb5 34.Rd1 a4 35.bxa4 Qxa4 36.Rcc1 Qxa2
37.f5 Qa7 38.h4 Qd7 39.Rf1 Qe7 40.Rb1 Be5 41.Rfd1 h5 42.Qg5 Qf7 43.Rf1 d4
44.Rbc1 Bd6 45.g4 hxg4 46.h5 Qe7 47.Qxg4 Qe5 48.Rc2 d3 49.Rg2 Bf8 50.Re1 e3
51.Rg3 d2 52.Reg1 e2  0-1

[Event "62nd ch-POL"]
[Site "Poznan POL"]
[Date "2005.04.30"]
[Round "9"]
[White "Bobras,P"]
[Black "Macieja,B"]
[Result "1/2-1/2"]
[WhiteElo "2501"]
[BlackElo "2613"]

1.e4 c5 2.Nf3 e6 3.d4 cxd4 4.Nxd4 Nc6 5.Nc3 a6 6.g3 Qc7 7.Bg2 Nf6 8.O-O Nxd4
9.Qxd4 Bc5 10.Bf4 d6 11.Qd2 h6 12.Rad1 e5 13.Be3 Be6 14.Bxc5 dxc5 15.Nd5 Bxd5
16.exd5 Qd6 17.f4 O-O 18.fxe5 Qxe5 19.d6 Qxb2 20.c4 Qxd2 21.Rxd2 Rab8 22.a4 Rfd8
23.Rb1 Nd7 24.Rxb7 Rxb7 25.Bxb7 Ne5 26.Rd5 Nxc4 27.Bxa6 Nxd6 28.a5 Kf8 29.Rxc5 Ra8
30.Bf1 Nb7 31.Bg2 Nxc5 32.Bxa8 Ke7 33.Bd5 f5 34.Bc4 Kf6 35.Kg2 g5 36.Be2 Ke5
37.Kf2 f4 38.a6 Nxa6 39.Bxa6 g4  1/2-1/2

[Event "Heroes Day Masters"]
[Site "Bridgetown BAR"]
[Date "2005.05.01"]
[Round "7"]
[White "Denny,K"]
[Black "Corbin,P"]
[Result "1-0"]
[WhiteElo "2332"]
[BlackElo "2261"]

1.e4 c5 2.Nf3 e6 3.Nc3 Nc6 4.d4 cxd4 5.Nxd4 Nf6 6.Ndb5 d6 7.Bf4 e5 8.Bg5 a6
9.Bxf6 gxf6 10.Na3 b5 11.Nd5 f5 12.c3 fxe4 13.Bxb5 axb5 14.Nxb5 Be6 15.Nbc7+ Kd7
16.Nxa8 Bxd5 17.Qxd5 Qxa8 18.O-O f5 19.a4 Be7 20.Rfd1 Qg8 21.Qb5 Qb8 22.Qe2 h5
23.b4 Rg8 24.a5 Nd8 25.Qa2 Ne6 26.Qa4+ Kc7 27.b5 Kb7 28.Qc4 Nc5 29.Qd5+ Ka7
30.b6+ Ka6 31.Qc4+ Kb7 32.a6+ Kc6 33.Qd5+ Kd7 34.Qxc5 Ke6 35.Qd5+ Kf6 36.a7  1-0

[Event "23rd Liechtenstein Open"]
[Site "Triesen LIE"]
[Date "2005.05.02"]
[Round "4"]
[White "Senff,M"]
[Black "Fierz,M"]
[Result "1-0"]
[WhiteElo "2430"]
[BlackElo "2274"]

1.e4 c5 2.Nf3 e6 3.d4 cxd4 4.Nxd4 Nc6 5.Nc3 Qc7 6.Be2 a6 7.O-O Nf6 8.Be3 Bb4
9.Na4 O-O 10.c4 Be7 11.Nc3 d6 12.Rc1 Ne5 13.f4 Ned7 14.Bf3 Re8 15.g4 Nf8
16.g5 N6d7 17.Bg2 b6 18.e5 dxe5 19.Bxa8 exd4 20.Bxd4 Ng6 21.Qd2 Bb7 22.Bxb7 Qxb7
23.Qg2 Qc7 24.Ne4 Nh4 25.Qg4 Nf5 26.Bf2 g6 27.Rfd1 Nc5 28.Nc3 Nb7 29.Qf3 Bc5
30.Ne4 Be7 31.b4  1-0

[Event "SWE-NOR m"]
[Site "Karlstad SWE"]
[Date "2005.05.04"]
[Round "1"]
[White "Djurhuus,R"]
[Black "Akesson,R"]
[Result "1/2-1/2"]
[WhiteElo "2470"]
[BlackElo "2461"]

1.e4 c5 2.Nf3 Nc6 3.d4 cxd4 4.Nxd4 e6 5.Nc3 Qc7 6.Be3 a6 7.Bd3 Nf6 8.O-O Ne5
9.Nf3 Bd6 10.Nxe5 Bxe5 11.f4 Bxc3 12.bxc3 d6 13.c4 e5 14.Kh1 Ng4 15.Bg1 exf4
16.Rxf4 Ne5 17.Qh5 Be6 18.Bd4 O-O 19.Raf1 f6 20.Rh4 g5 21.Rh3 Bxh3 22.Qxh3 Rae8
23.Qg3 Re6 24.Rf5 Qe7 25.h4 h6 26.Qf2 Nd7 27.Kg1 Rf7 28.a4 Rg7 29.h5 Rf7
30.c5 dxc5 31.Bxc5 Nxc5 32.Rxc5 Re5 33.Rxe5 Qxe5 34.Bc4 Qxe4 35.Bxf7+ Kxf7
36.Qb6 g4 37.Qc7+ Ke6 38.Qc8+ Ke5 39.Qc7+ Kf5 40.Qh7+ Kf4 41.Qxh6+ Kg3 42.Qd2 Kh4
43.h6 g3 44.h7 Qxh7 45.Qf4+ Kh5 46.Qf3+ Kh4 47.Qxf6+ Kg4 48.Qf3+ Kh4 49.Qf4+ Kh5
50.Qxg3 Qxc2 51.Qe5+ Kg4 52.Qg7+ Kf4 53.Qf7+ Kg4 54.Qf3+ Kg5 55.Qe3+ Kg4
56.a5 Qa2 57.Qe4+ Kg5 58.Qe5+ Kg4 59.Kh2 Qd2 60.Qg3+ Kf5  1/2-1/2

[Event "ch-FRA National 1"]
[Site "Lille FRA"]
[Date "2005.05.05"]
[Round "8"]
[White "Ravot,S"]
[Black "Dourerassou,J"]
[Result "1-0"]
[WhiteElo "2259"]
[BlackElo "2343"]

1.e4 c5 2.Nf3 Nc6 3.d4 cxd4 4.Nxd4 e6 5.Nc3 Qc7 6.Be3 a6 7.Qd2 Nxd4 8.Bxd4 Ne7
9.Be2 Nc6 10.Be3 b5 11.Bf4 Ne5 12.Rd1 Be7 13.Nd5 exd5 14.Qxd5 Bb7 15.Qxe5 Qxe5
16.Bxe5 f6 17.Bd6 Bxe4 18.c3 Bxd6 19.Rxd6 Ke7 20.Rd4 Bc6 21.Kd2 Kf7 22.f3 Rhe8
23.Bd3 g6 24.Re1 Re5 25.g3 Rae8 26.Re2 R8e7 27.f4 Rh5 28.h4 Rc5 29.a3 Bf3
30.Re3 Bb7 31.a4 bxa4 32.Rxa4 a5 33.Rd4 Kf8 34.Rd6 Rxe3 35.Kxe3 Ke7 36.Rb6 Rc7
37.Kd4 d6 38.Bc4 Bc6 39.Rb8 Be8 40.Bd5 Ra7 41.c4 h6 42.Rb3 Bd7 43.Ra3 Kd8
44.b4 a4 45.b5 Kc7 46.Kc3 Kb6 47.Kb4 Bf5 48.Rxa4 Rxa4+ 49.Kxa4 Bc2+ 50.Kb4 Bf5
51.Bf3 Bd7 52.g4 g5 53.hxg5 hxg5 54.f5 Be8 55.Bd5 Bd7 56.Be6 Be8 57.Ka4 Kb7
58.Ka5 Ka7 59.Bd5 Kb8 60.Ka6 Bd7 61.Kb6 Bc8 62.Bc6 d5 63.cxd5 Bb7 64.d6  1-0

[Event "ch-FRA Top 16 Poule Haute"]
[Site "Port Barcares FRA"]
[Date "2005.05.06"]
[Round "10"]
[White "Netzer,J"]
[Black "Kogan,Ar"]
[Result "1-0"]
[WhiteElo "2384"]
[BlackElo "2592"]

1.e4 c5 2.Nf3 Nc6 3.d4 cxd4 4.Nxd4 e6 5.Nc3 Qc7 6.Be2 a6 7.O-O Bc5 8.Be3 Nce7
9.Na4 Ba7 10.c4 Nf6 11.Nc3 O-O 12.Rc1 e5 13.Nc2 d6 14.Bxa7 Rxa7 15.Qd2 Be6
16.b3 Raa8 17.Rfd1 Rfd8 18.Ne3 Rac8 19.Kh1 Qb6 20.f3 Nc6 21.Bf1 Kf8 22.Re1 Qa5
23.Qb2 Rd7 24.Red1 Nd4 25.Ne2 Nxe2 26.Qxe2 Qa3 27.Qd2 a5 28.Rc3 Qb4 29.Rd3 Qxd2
30.R3xd2 Ke7 31.Kg1 Ne8 32.h4 g6 33.g3 Nc7 34.Kh2 a4 35.Bh3 Rdd8 36.bxa4 Ra8
37.Bxe6 fxe6 38.c5 dxc5 39.Rxd8 Rxd8 40.Rxd8 Kxd8 41.Nc4 Ne8 42.Kg2 Kc7 43.Kf2 Nd6
44.Nxe5 Nc8 45.Ke3 Ne7 46.a5 Kd6 47.Nc4+ Kd7 48.Ne5+ Kd6 49.f4 Ng8 50.Kd3 Nf6
51.Nxg6 c4+ 52.Kd4 c3 53.e5+ Kc7 54.Kd3 Ne4 55.Nf8 Nxg3 56.Nxe6+ Kc6 57.Kxc3 Kd5
58.Nd8 Ne2+ 59.Kb4 Nxf4 60.Nxb7 Kc6 61.Nd8+ Kc7 62.Nf7 h5 63.Kb5 Ng6 64.a6 Nxh4
65.Nd6 Kb8 66.Kb6  1-0

[Event "SME Open"]
[Site "Ostrava CZE"]
[Date "2005.05.07"]
[Round "8"]
[White "Vratny,R"]
[Black "Vyskocil,N"]
[Result "0-1"]
[WhiteElo "2212"]
[BlackElo "2304"]

1.e4 c5 2.Nf3 e6 3.d4 cxd4 4.Nxd4 Nc6 5.Nc3 Qc7 6.g3 a6 7.Bg2 Nf6 8.O-O d6
9.Nce2 Be7 10.c4 O-O 11.b3 Bd7 12.Bb2 Rfd8 13.Qd2 Be8 14.Rac1 Rac8 15.h3 Qb8
16.Qe3 Nxd4 17.Nxd4 b5 18.cxb5 axb5 19.a3 Nd7 20.Ne2 Rc5 21.Bd4 Rxc1 22.Rxc1 e5
23.Bb2 Nf6 24.b4 Bd7 25.Nc3 Rc8 26.Kh2 Bd8 27.Nd1 Be6 28.Qd2 Rxc1 29.Bxc1 Bb6
30.Ne3 Qc7 31.Bb2 h6 32.Nd5 Bxd5 33.exd5 Qc4 34.Kg1 Ne4 35.Bxe4 Qxe4 36.Qd1 Bd4
37.Bc1 Qxd5 38.Qe2 Qb3 39.Kh2 Qd5 40.h4 Qc6 41.Be3 Bxe3 42.fxe3 d5 43.Qb2 Qd6
44.a4 bxa4 45.b5 a3 46.Qb3 d4 47.b6 a2 48.Qxa2 Qxb6 49.Qa8+ Kh7 50.Qe4+ g6
51.Qxe5 dxe3 52.h5 Qe6 53.hxg6+ Kxg6 54.Qxe6+ fxe6  0-1

[Event "IM"]
[Site "Ostrava CZE"]
[Date "2005.05.08"]
[Round "9"]
[White "Michalik,P"]
[Black "Priborsky,J"]
[Result "1-0"]
[WhiteElo "2244"]
[BlackElo "2320"]

1.e4 c5 2.Nf3 Nc6 3.d4 cxd4 4.Nxd4 e6 5.Nc3 Qc7 6.Be3 a6 7.Qd2 Nf6 8.f3 Ne5
9.O-O-O b5 10.g4 d6 11.a3 Bb7 12.Be2 Nfd7 13.Ndxb5 axb5 14.Nxb5 Qc6 15.Nxd6+ Bxd6
16.Qxd6 Qxd6 17.Rxd6 O-O-O 18.Rhd1 Nb8 19.c4 Rxd6 20.Rxd6 Rd8 21.Rxd8+ Kxd8
22.b4 f5 23.gxf5 exf5 24.f4 Ned7 25.e5 g5 26.Bd3 Be4 27.Bxe4 fxe4 28.e6 Nf6
29.f5 h6 30.b5 Kc8 31.Bd4 Nh5 32.Kd2 g4 33.Be5  1-0

[Event "ch-LTU"]
[Site "Siauliai LTU"]
[Date "2005.05.08"]
[Round "3"]
[White "Narmontas,M"]
[Black "Dambrauskas,V"]
[Result "0-1"]
[WhiteElo "2189"]
[BlackElo "2318"]

1.e4 c5 2.Nf3 Nc6 3.d4 cxd4 4.Nxd4 e6 5.Nc3 Qc7 6.Be3 a6 7.Be2 Nf6 8.O-O Bb4
9.f3 O-O 10.Qe1 Nxd4 11.Bxd4 e5 12.Be3 d5 13.Bg5 d4 14.Bxf6 dxc3 15.Bh4 cxb2
16.Qxb4 bxa1=Q 17.Rxa1 Be6 18.c4 Rfc8 19.Bf2 a5 20.Qc3 Bxc4 21.Bxc4 Qxc4
22.Qxe5 f6 23.Qg3 b5 24.h4 Qe6 25.Rd1 Rd8 26.Rb1 b4 27.h5 Qxa2 28.h6 Qxb1+
29.Kh2 Rd7  0-1

[Event "10th Cvitanovic Mem"]
[Site "Split CRO"]
[Date "2005.05.08"]
[Round "9"]
[White "Medvegy,Z"]
[Black "Ljubicic,F"]
[Result "1-0"]
[WhiteElo "2474"]
[BlackElo "2407"]

1.e4 c5 2.Nf3 Nc6 3.Nc3 e6 4.d4 cxd4 5.Nxd4 Qc7 6.Be3 Nf6 7.Qd2 a6 8.O-O-O Bb4
9.f3 Ne5 10.Nb3 b5 11.Qe1 O-O 12.Nxb5 axb5 13.Qxb4 Nc4 14.Bc5 Re8 15.Bd6 Qc6
16.Bxc4 bxc4 17.Nd4 Qa6 18.a3 Bb7 19.Nb5 Qc6 20.Nc7 Ra4 21.Nxe8 Rxb4 22.Nxf6+ gxf6
23.Bxb4 Qb5 24.Kb1 Bc6 25.h4 h5 26.Rhg1 f5 27.exf5 exf5 28.Rde1 Qb6 29.Bc3 d5
30.Rd1 Bd7 31.Bd4 Qd8 32.g3 Be6 33.Rde1 Qd6 34.f4 Qc6 35.Re5 Qa6 36.Rd1 Qb5
37.Kc1 Kh7 38.Kd2 Qa4 39.Kc1 Qb5 40.Kb1 Qa4 41.Bc3 Qb5 42.Ka2 Qc6 43.Bd4 Kg6
44.Re3 Bd7 45.Rde1 Be6 46.Rc3 Qa4 47.Rd1 Kh7 48.Kb1 Kg6 49.Kc1 Kh7 50.Kd2 Kh6
51.Ke3 Bc8 52.Kf2 Bd7 53.Kg1 Kh7 54.Re1 Be6 55.Re2 Qb5 56.Rce3 Qa4 57.Rd2 Kg6
58.Kf2 Kh7 59.Ke1 Kg6 60.Kd1 Kh7 61.Kc1 Kg6 62.Kb1 Kh7 63.Ka2 Qa5 64.Rd1 Qa4
65.b3 Qc6 66.Kb2 Qb5 67.Bc3 Qb6 68.Rd4 Kg6 69.Re1 Bd7 70.Red1 Bc6 71.b4 Qb5
72.Ra1 Qa4 73.Re1 Qb5 74.Re5 Bb7 75.Re7 Bc6 76.Ra7 Qb8 77.Ra6 Qb7 78.Ra5 Kh7
79.a4 Qb6 80.Rc5 Bxa4 81.Rdxd5 Bxc2 82.Kxc2 Qa7 83.Rxf5 Qa2+ 84.Kc1 f6 85.Rc7+ Kg8
86.Ra5 Qg2 87.Raa7 Qf1+ 88.Kb2 Qe2+ 89.Ka3 Qe8 90.Rg7+ Kh8 91.Rh7+ Kg8 92.Rag7+  1-0

[Event "Torch Real Estate Cup"]
[Site "Wuxi CHN"]
[Date "2005.05.09"]
[Round "8"]
[White "Qin Kanying"]
[Black "Liang Zhihua"]
[Result "1-0"]
[WhiteElo "2472"]
[BlackElo "2232"]

1.e4 c5 2.Nf3 e6 3.Nc3 Nc6 4.d4 cxd4 5.Nxd4 Qc7 6.g3 a6 7.Bg2 Nf6 8.O-O Nxd4
9.Qxd4 Bc5 10.Bf4 d6 11.Qd3 h6 12.Na4 e5 13.Nxc5 dxc5 14.Be3 O-O 15.Qc3 c4
16.a4 Ng4 17.Bc1 Bd7 18.a5 Rfe8 19.Bd2 Rac8 20.Rae1 Qd6 21.f3 Nf6 22.Be3 Qe6
23.Rf2 Bb5 24.Rd2 Red8 25.Red1 Rxd2 26.Rxd2 Rc7 27.Bf1 Kh7 28.Bg2 Rd7 29.Rxd7 Qxd7
30.Qd2 Qxd2 31.Bxd2 Nd7 32.Bb4 Nb8 33.f4 Nc6 34.Bc3 f6 35.Kf2 Kg6 36.Bh3 Nd4
37.Bxd4 exd4 38.c3 d3 39.Ke3 Kf7 40.Bc8 Bc6 41.f5 Ke7 42.Be6 Bb5 43.Bd5 Kd6
44.g4 Kc5 45.Bxb7 Kd6 46.h4 Ke5 47.Bd5 Kd6 48.b3 cxb3 49.Bxb3 Ke5 50.Bd5 d2
51.Kxd2 Kf4 52.c4 Ba4 53.Bb7 Kxg4 54.c5 Kxh4 55.c6 Kg3 56.c7 Bd7 57.Bxa6 h5
58.c8=Q Bxc8 59.Bxc8  1-0

[Event "Capablanca Mem Premier 1"]
[Site "Havana CUB"]
[Date "2005.05.10"]
[Round "5"]
[White "Gonzalez,Y"]
[Black "Perez,Lu"]
[Result "1-0"]
[WhiteElo "2482"]
[BlackElo "2420"]

1.e4 c5 2.Nf3 e6 3.d4 cxd4 4.Nxd4 Nc6 5.Nc3 Nf6 6.Ndb5 d6 7.Bf4 e5 8.Bg5 a6
9.Na3 Be6 10.Nc4 Rc8 11.Bxf6 Qxf6 12.Nb6 Rb8 13.Ncd5 Qd8 14.c3 Be7 15.a4 O-O
16.a5 Bg5 17.b4 Kh8 18.Bc4 Bh6 19.O-O g6 20.Qe2 f5 21.Rad1 f4 22.Rd3 Re8
23.Rfd1 Bf8 24.Ba2 g5 25.Nc4 Bg8 26.Ndb6 Qc7 27.Qh5 Re6 28.Qg4 Rd8 29.Ne3 h5
30.Qxg5 Bh6 31.Qxh5 fxe3 32.Bxe6 Qg7 33.Bf5 Bf7 34.Qh3 exf2+ 35.Kf1 Qf6 36.Rf3 Rg8
37.Bh7  1-0